| 000 | 00374nam a2200145Ia 4500 | ||
|---|---|---|---|
| 005 | 20250509040119.0 | ||
| 008 | 240331s9999 xx 000 0 und d | ||
| 082 |
_a060 _bSIL |
||
| 100 | _aSilva,K.A.S | ||
| 245 | 0 | _aMudrana shilpaya mulpotha | |
| 260 |
_aColombo _bLake House Investments _c1973 |
||
| 300 | _a80 p ., | ||
| 500 | _aAn Aid to the Study of Painting | ||
| 942 | _cL | ||
| 999 |
_c1306 _d1306 |
||